Dictionnaire général francais-espagnol, espagnol-francais

Đã lưu trong:
Chi tiết về thư mục
Những tác giả chính: García-Pelayo y Gross, Ramón (Tác giả), Testas, Jean (Tác giả)
Định dạng: Sách
Ngôn ngữ:Tiếng Pháp
Được phát hành: París Larousse 1993
Những chủ đề:
Các nhãn: Thêm thẻ
Không có thẻ, Là người đầu tiên thẻ bản ghi này!

MARC

LEADER 00000nam a2200000 a 4500
001 UCS6197
003 CL-VaPUC
005 20230302105013.0
008 970912e19930000FR |||||||||||||||||fre|d
999 |c 262148  |d 262146 
040 |c Pontificia Universidad Católica de Valparaíso 
082 0 4 |a 443 GAR 1993  |2 21 
100 |a García-Pelayo y Gross, Ramón  |e author  |9 544819 
245 1 0 |a Dictionnaire général francais-espagnol, espagnol-francais 
260 |a París  |b Larousse  |c 1993 
300 |a 901 p 
583 |a last modification  |c 20180322 13:02:23  |k Rodrigo Vera 
650 7 |a FRANCES  |2 CL-VaPUC  |9 259059 
650 0 |a Español  |9 255372 
650 0 |a Diccionarios  |9 256200 
700 0 |a Testas, Jean  |e author  |9 391721 
942 |c BK  |2 ddc 
945 |d 19970912 00:00:00  |a jquezada 
952 |0 0  |1 0  |2 ddc  |4 0  |6 443_000000000000000_GAR_1993  |7 0  |8 A  |9 290357  |a BIBEDU  |b BIBEDU  |d 2019-11-19  |i 3350436  |o 443 GAR 1993  |p 3350436  |r 2023-01-12  |w 2019-11-19  |y BK  |k MUS 
952 |0 0  |1 0  |4 0  |6 443_000000000000000_GAR_1993  |7 0  |8 A  |9 290358  |a FDOPOS  |b FDOPOS  |d 2019-11-19  |i 3616037  |o 443 GAR 1993  |p 3616037  |r 2019-11-19  |w 2019-11-19  |y BK  |k MLA